000 00708nam a22002417a 4500
001 4796
003 FISKH
005 20241014125814.0
008 241014b cb ||||| |||| 00| 0 eng d
020 _a0875346405
040 _aFISKH
_beng
_cFISKH
_dFISKH
050 _aPZ5.E975
100 _aJordan, Katherine
245 _aThe extraordinary bubble: And other fanciful adventure stories /
_cby Katherine Jordan
260 _aColunbus :
_bHighlights for Children, Inc ;
_c1995 .
300 _a96 pages :
_billustrations ;
_c20 cm .
505 _aK
521 8 _a510
_bLexile estimate
521 8 _aK
_bRaz-Plus
650 _adonated
_vfiction
942 _2ddc
_cBK
_n0
999 _c4796
_d4796